000 00738nam a2200265Ia 4500
005 20260302114332.0
008 008 260114s9999 xx 000 0 eng d
020 _a9781350092549
037 _aTextbook
040 _aCRL
040 _beng
040 _cCRL
041 _2eng
041 _aeng
084 _qCRL
100 _aTakeshi Morisato
_91118279
245 0 _aFaith and Reason in Continental and Japanese Philosophy Reading Tanabe Hajime and William Desmond
260 _bBloomsbury
260 _bBloomsbury Academic
260 _c2019
650 _aPhilosophy
856 _uhttps://dx.doi.org/10.5040/9781350092549?locatt=label:secondary_bloomsburyCollections
942 _cEBOOK
999 _c1682179
_d1682179